Optics (Record no. 2309)

000 -LEADER
fixed length control field 00442nam a22001937a 4500
001 - CONTROL NUMBER
control field 2309
003 - CONTROL NUMBER IDENTIFIER
control field BD-DhUET
008 - FIXED-LENGTH DATA ELEMENTS--GENERAL INFORMATION
fixed length control field 140921b xxu||||| |||| 00| 0 eng d
020 ## - INTERNATIONAL STANDARD BOOK NUMBER
International Standard Book Number 8177583573
040 ## - CATALOGING SOURCE
Transcribing agency 0
Modifying agency BD-DhUET
082 ## - DEWEY DECIMAL CLASSIFICATION NUMBER
Classification number 535
Item number HEC/2002
100 ## - MAIN ENTRY--PERSONAL NAME
Personal name Hecht , Eugene
245 ## - TITLE STATEMENT
Title Optics
Statement of responsibility, etc. by Eugene Hecht
250 ## - EDITION STATEMENT
Edition statement 4th ed.
260 ## - PUBLICATION, DISTRIBUTION, ETC. (IMPRINT)
Place of publication, distribution, etc. Delhi
Name of publisher, distributor, etc. Pearson Education
Date of publication, distribution, etc. 2002
300 ## - PHYSICAL DESCRIPTION
Extent 704p.
650 #0 - SUBJECT ADDED ENTRY--TOPICAL TERM
Topical term or geographic name as entry element Optics
942 ## - ADDED ENTRY ELEMENTS (KOHA)
Koha item type General Book
Holdings
Not for loan Piece designation (barcode) Withdrawn status Koha full call number Sublocation or collection (holding branch) Damaged status Koha date last borrowed Koha item type Location (home branch) Lost status Koha issues (times borrowed) Price effective from Copy number Shelving location Koha out on loan Koha date last seen Source of classification or shelving scheme Koha normalized classification for sorting Date acquired
 101939 535/HEC/2002Central Library, BUET 2025-12-10General BookCentral Library, BUET 42014-09-211Circulation section 2025-12-17 535HEC20022014-09-21
 101938 535/HEC/2002Central Library, BUET 2020-02-25General BookCentral Library, BUET 12014-11-202Circulation section2020-03-102020-02-25 535HEC20022014-11-20